• 首页
  • 本馆介绍
  • 公告通知
  • 最新文献
  • 馆藏检索
  • 电子资源
  • 读者导购
  • 参考咨询
  • 我的图书馆
  • 登录
  • 详细信息显示
  • 放入我的书架
  • 预约/预借图书
  • 作者相关作品
  • 分类相关作品
  • 丛书相关作品
  • 出版社相关作品

书目信息

  • 表格格式
  • 工作单格式
  • 卡片格式
题名:
经营业绩评价从入门到精通
    
 
作者: 李丽 主编
分册:  
出版信息: 北京   机械工业出版社  2012
页数: 222页
开本: 24cm
丛书名: 财务轻松学丛书
单 册:
中图分类: F272.5
科图分类:
主题词: 企业经济--经济评价 , 企业经济 , 经济评价
电子资源:
ISBN: 978-7-111-39405-1
000 00922nam0 22002771 450
001 519
005 20140909091626.39
010    @a978-7-111-39405-1@dCNY38.00
100    @a20121010d2012 em y0chiy50 ea
101 0  @achi
102    @aCN@b110000
105    @ay z 000yy
106    @ar
200 1  @a经营业绩评价从入门到精通@AJing Ying Ye Ji Ping Jia Cong Ru Men Dao Jing Tong@f李丽主编@FLi Li Zhu Bian
210    @a北京@c机械工业出版社@d2012
215    @a222页@d24cm
225 2  @a财务轻松学丛书
330    @a本书主要讲述了企业经营业绩的评价程序与方法,包括企业经营业绩评价、企业经营业绩评价的标准、企业经营业绩评价的指标、企业经营业绩评价的方法等7章内容。
461  0 @12001 @a财务轻松学丛书
606 0  @a企业经济@x经济评价
606 0  @a企业经济
606 0  @a经济评价
690    @aF272.5@v5
701  0 @a李丽@ALi Li@g(财务)@4主编
801  0 @aCN@bTANGWEI@c20140603
905    @b0836730-32@dF272.5@e1021@f3
    
    经营业绩评价从入门到精通/李丽主编.-北京:机械工业出版社,2012
    222页;24cm.-(财务轻松学丛书)
    
    
    ISBN 978-7-111-39405-1:CNY38.00
    本书主要讲述了企业经营业绩的评价程序与方法,包括企业经营业绩评价、企业经营业绩评价的标准、企业经营业绩评价的指标、企业经营业绩评价的方法等7章内容。
●
相关链接 在E读中查询图书 在五车中查询图书 在当当中查询图书 在豆瓣中查询图书


正题名:经营业绩评价从入门到精通     索取号:F272.5/1021         预约/预借

序号 登录号 条形码 馆藏地/架位号 状态 备注
1 0836730   208367300   第一样本阅览室/ [索取号:F272.5/1021] 在馆    
2 0836731   208367319   密集书库-海洋学院/ [索取号:F272.5/1021] 在馆    
3 0836732   208367328   第一借阅区/ [索取号:F272.5/1021] 在馆    
唐山师范学院图书馆 欢迎您!
大连网信软件有限公司© 版权所有